000 00702nam a2200205Ii 4500
003 JO-AjNU
008 230605s9999||||xx |||||||||||||| ||und||
040 _aJO-AjNU
_bara
_erda
_cJO-AjNU
041 _aara
050 1 4 _aBP165.M34 1982
100 3 _aمكرم، عبد العال سالم,
_eauthor
_913739
245 0 0 _aالفكر الإسلامي بين العقل والوحي وأثره في مستقبل الإسلام
250 _aط1
264 3 1 _aبيروت-القاهرة: دار الشروق، 1982
300 _a126ص
336 _atext
_btxt
_2rdacontent
337 _aunmediated
_bn
_2rdamedia
338 _avolume
_bnc
_2rdacarrier
650 4 _aالفلسفة الاسلامية
_913740
999 _aA3498
_c7066
_d7066